000 00907nam a22002297a 4500
999 _c3395
_d3395
003 AR-CdUCM
008 190306b ||||| |||| 00| 0 spa d
040 _aMUNICIPALIDAD PROVINCIAL DEL CUSCO
_cBIBLIOTECA MUNICIPAL DEL CUSCO
082 _a869.361 /
_bV32
100 _aVargas P. Ernesto
_97657
245 _aAntiguo cuento y mito andino :
_bisicha p´uytu y pitusiray-sawasiray /
260 _aCusco :
_bEdmundo Pantigozo,
_c2001.
300 _a224 paginas ;
_c21 cm.
500 _aOldest andean tale and mith: Isicha p´uytu and pitusiray-sawasiray.
505 _aComunicación con el otro mundo: el cuento de isicha p´uytu -- El amor de choqellanthu hija del sol y del pastor -- El mito de pitusiray y sawasiray ...
650 _aCuentos andinos
_966
650 _aMitos andinos
_911214
650 _aTradición oral
_92031
650 _aCuentos peruanos
_97
942 _2ddc
_cLIBROS
945 _aacv